00189nam a2200073Ia 4500008004100000100001600041245002800057260003000085170817s9999 xx 000 0 und d aRUHELA S.P. 0aCHILD CENTRED EDUCATION bINTERNATIONAL PUB. MEERUT